| 000 | 00824nam a2200253 a 4500 | ||
|---|---|---|---|
| 008 | |||
| 020 | _a0306474581 (cased) | ||
| 049 | _aMAIN | ||
| 090 | 0 | 0 | _aHM701 |
| 100 | 1 | _aVan Gigch, John P. | |
| 245 | 1 | 0 |
_aMetadecisions : _brehabilitating epistemology / _cby John P. van Gigch ; with a foreword by C. West Churchman. |
| 260 |
_aNew York : _bKluwer Academic/Plenum Publishers, _cc2003. |
||
| 300 |
_axviii, 341 p. : _bill. ; _c24 cm. |
||
| 440 | 0 | _aContemporary systems thinking. | |
| 504 | _aIncludes bibliographical references : p. 319-335. | ||
| 500 | _aIncludes index. | ||
| 650 | 0 | _aSocial systems. | |
| 650 | 0 | _aDecision making. | |
| 907 |
_a.b10131498 _b19-02-08 _c27-07-04 |
||
| 003 | |||
| 005 | 20230123133801.0 | ||
| 040 | _cNUST | ||
| 942 |
_cBOOKS _kHM701 |
||
| 999 |
_c154565 _d154565 |
||